000 00325nam a2200133Ia 4500
005 20251222155133.0
008 251222s9999||||xx |||||||||||||| ||spa||
082 _aMAN.46
100 _aGERONTO.
245 0 _aLibros de Resumenes
250 _a1ra. ed.
264 _bNo tiene
942 _cLIB
999 _c38900
_d38900